[Event "HCL-A2571"]
[Site "www.playchess.de"]
[Date "2006.02.22"]
[Round "2"]
[White "dayan2"]
[Black "mbueno"]
[WhiteElo "1700"]
[BlackElo "1529"]
[PlyCount "84"]
[Result "0-1"]

1.e4 {olá,tenha um bom jogo!}  e5 {Olá, que bom 
encontrar um patrício por aqui. Vc tecla de onde ? 
Eu moro em Castro, no Paraná.
Boa sorte na partida e no torneio !}  2.Nf3 {Moro 
em Porto Alegre!! Realmente eu não esperava 
encontrar no torneio outro brasileiro}  Qe7 {Eu já 
estou jogando aqui há algum tempo (desde 2001), e 
é bastante tranqüilo. Tenho certeza que vai 
gostar. Vc joga há muito tempo ? Qual sua ocupação 
aí em Porto Alegre ? Eu sou advogado e contador.}  
3.Nc3 {eu não sou membro, mas é a segunda vez que 
participo no modo de experiencia. Sou consultor de 
Sistemas de Gestão e estou realizando um trabalho 
no Nordeste no momento.}  c6 {ah, sim. 
Interessante. Vc joga em algum clube on line (CXV, 
ICX, CEX) ?}  4.Bc4 {estava jogando no cxeb em 
partidas por email, mas não consegui vencer meus 
compromissos e viagens, por isso abandonei.}  d6 
{Também sou sócio do CXEB, e também não estou 
jogando por causa da falta de tempo.}  5.h3 {sou 
sócio do cxeb desde a década de 80, gostava 
bastante daqueles torneios que levavam mais de ano 
para concluir por correspondência...foi uma 
experiência que hoje em dia ninguem imagina que um 
dia pudesse ter existido esse tipo de coisa..viva 
a internet!}  g6 {Taqmbém gostava daqueles 
torneios, e participei de muitos. Lembro inclusive 
de uma partida, contra um jogador de São José dos 
Campos (SP), em que fiz um sacrificio de bispo 
para armar uma rede de mate com vários lances de 
espera.}  6.O-O Bg7 7.d3 h6 8.a3 Nf6 9.Be3 O-O 
10.Qd2 Kh7 11.b4 Be6 12.b5 Bxc4 13.dxc4 c5 14.Rfd1 
Rd8 15.Bxc5 Ne8 16.Be3 Nd7 17.Nd5 Qe6 18.Rab1 Rac8 
19.Qe2 b6 20.Ne1 f5 21.f3 fxe4 22.fxe4 Ndf6 23.Rb3 
Nxe4 24.Bxb6 axb6 25.Qxe4 Nf6 26.Nxf6+ Qxf6 27.Rf3 
Qe6 28.Rd5 Rca8 29.h4 Kg8 30.Rg3 Qf5 31.Qg4 Qxg4 
32.Rxg4 Kf7 {(offering draw)}  33.Rd3 Bf6 34.g3 
Ra4 35.Ng2 d5 36.Ne3 h5 37.Rg5 Bxg5 38.hxg5 d4 
39.Nd5 Rxc4 40.Nxb6 Rxc2 41.Rf3+ Kg7 42.a4 
d3 0-1

[Event "HCL-B3818"]
[Site "www.playchess.de"]
[Date "2006.02.22"]
[Round "5"]
[White "Kannsnich"]
[Black "ft211"]
[WhiteElo "1228"]
[BlackElo "1200"]
[PlyCount "29"]
[Result "1-0"]

1.c4 e5 2.Nc3 Nf6 3.Nf3 Be7 4.Nxe5 O-O 5.Nf3 d6 
6.g3 Nc6 7.Bg2 Bf5 8.O-O Qd7 9.d3 Rab8 10.b3 d5 
11.cxd5 Nd8 12.e4 Bg6 13.Bb2 c6 14.dxc6 Nxc6 
15.Rc1 1-0

[Event "HCL-A2584"]
[Site "www.playchess.de"]
[Date "2006.02.22"]
[Round "2"]
[White "tuGGy"]
[Black "victorabiodun03"]
[WhiteElo "1515"]
[BlackElo "1357"]
[PlyCount "59"]
[Result "1-0"]

1.g4 Nf6 2.g5 Nd5 3.d4 g6 4.c4 Nb6 5.e4 Bg7 6.c5 
Nc6 7.Nf3 d6 8.cxb6 Bg4 9.bxc7 Qxc7 10.Be3 O-O 
11.Bg2 Qa5+ 12.Nc3 Rac8 13.O-O a6 14.h3 Bxf3 
15.Bxf3 Qb4 16.Nd5 Qxb2 17.Rb1 Qxa2 18.Rxb7 e5 
19.Nf6+ Kh8 20.d5 Na5 21.Rb1 Nc4 22.Rb7 Nxe3 
23.fxe3 Qc2 24.Qxc2 Rxc2 25.Bd1 Rc3 26.Nd7 Rd8 
27.Rxf7 Rxe3 28.Nf6 Bxf6 29.Rfxh7+ Kg8 
30.gxf6 1-0

[Event "HCL-A2540"]
[Site "www.playchess.de"]
[Date "2006.02.22"]
[Round "6"]
[White "sparpaket"]
[Black "mrchess"]
[WhiteElo "1535"]
[BlackElo "1433"]
[PlyCount "135"]
[Result "1-0"]

1.e4 {Hi}  c5 {good luck}  2.Nf3 Nc6 3.d4 cxd4 
4.Nxd4 d6 5.c4 Nf6 6.Nc3 g6 7.f3 Bg7 8.Be3 O-O 
9.Be2 Nd7 10.O-O Qb6 11.Nc2 Qxb2 12.Na4 Qf6 13.Rb1 
b6 14.Qd2 Qe5 15.Rbd1 Qa5 16.Qxa5 Nxa5 17.Nd4 Ba6 
18.Nb5 Rfc8 19.Rdc1 Nc5 20.Nxc5 bxc5 21.a4 Nc6 
22.Rfd1 Bb7 23.g3 a6 24.Nc3 Nd4 25.Kf2 Nxe2 
26.Kxe2 Bxc3 27.Rxc3 Bc6 28.a5 Rcb8 29.Rd2 Rb4 
30.e5 Rab8 31.exd6 exd6 32.Rxd6 R4b2+ 33.Rd2 Rxd2+ 
34.Bxd2 Re8+ 35.Kf2 Bd7 36.Be3 Rc8 37.Bf4 Bf5 
38.g4 Be6 39.Bd6 Rc6 40.Be7 Rc7 {(offering draw)}  
41.Bf6 Rb7 42.Rd3 Rd7 43.Rb3 Rc7 44.Rb6 Rc8 
45.Rxa6 Bxc4 46.Ra7 Bd5 47.f4 c4 48.Bc3 Kf8 49.Ke3 
Ke8 50.Kd4 Bf3 51.Bb4 Bxg4 52.Re7+ Kd8 53.Rxf7 h5 
54.a6 Bf3 55.Rg7 Rc6 56.a7 Ra6 57.Kxc4 Kc8 58.Bc5 
Ba8 59.Bd4 Ra2 60.Rxg6 Rxh2 {(offering draw)}  
61.f5 Rh1 62.f6 Rf1 63.Rg7 h4 64.f7 Rxf7 65.Rxf7 
h3 66.Rh7 Bg2 67.Rxh3 Bxh3 68.a8Q+ 1-0

[Event "HCL-C4072"]
[Site "www.playchess.de"]
[Date "2006.02.22"]
[Round "17"]
[White "Grunert"]
[Black "sigma40"]
[WhiteElo "959"]
[BlackElo "1172"]
[PlyCount "44"]
[Result "0-1"]

1.d4 d5 2.e3 Nf6 3.Nc3 a6 4.Nf3 Nc6 5.g3 Bf5 6.Bg2 
e6 7.O-O Bd6 8.Bd2 Nb4 9.Rc1 O-O 10.a3 Nc6 11.Re1 
Bg4 12.h3 Bxf3 13.Bxf3 h6 14.Bg2 b5 15.b4 a5 
16.bxa5 Rxa5 17.a4 bxa4 18.Ra1 a3 19.Bf1 Qd7 
20.Bb5 e5 21.dxe5 Bxe5 22.Bxc6 
Qxc6 0-1

[Event "HCL-E1541"]
[Site "www.playchess.de"]
[Date "2006.02.22"]
[Round "1"]
[White "player_reh"]
[Black "alldrix"]
[WhiteElo "1442"]
[BlackElo "1600"]
[PlyCount "144"]
[Result "0-1"]

1.d4 {greetings from berlin}  e6 2.e3 f5 
{greetings from Aracaju! :)}  3.c4 Nf6 4.Ne2 Be7 
5.g3 O-O 6.Bg2 c6 7.O-O d5 8.b3 Ne4 9.Nd2 Nd7 
10.f3 Nxd2 11.Bxd2 Nf6 12.c5 b6 13.b4 bxc5 14.bxc5 
Ba6 15.f4 Ne4 16.Bb4 Bc4 17.Rf3 a5 18.Ba3 Qc7 
19.Bf1 Rab8 20.Qc2 Rb7 21.Nc1 Bb5 22.Nd3 Bf6 
23.Nf2 Rfb8 24.Nxe4 fxe4 25.Rf2 g6 26.Bc1 Kg7 
27.a4 Bxf1 28.Rxf1 R7b3 29.Rf2 Qb7 30.Kg2 Rb1 
31.Rxb1 Qxb1 32.Qxb1 Rxb1 33.Bd2 Bd8 34.Rf1 Rb2 
35.Rd1 Ra2 36.Kf1 g5 37.fxg5 Bxg5 38.h4 Bh6 39.g4 
Kg6 40.g5 Bf8 41.Bxa5 Rxa4 42.Be1 h6 43.Rb1 Ra8 
44.gxh6 Bxh6 45.Bf2 Kf6 46.Kg2 e5 47.Rf1 exd4 
48.Bg3+ Ke6 49.exd4 Rg8 50.Kh3 Bg7 51.Bf2 Rf8 
52.Kg2 Bh6 53.Bg1 Rxf1 54.Kxf1 Kf5 55.Ke2 Kg4 
56.Bf2 Bg7 57.Ke3 Bf6 58.h5 Kxh5 59.Ke2 Kg4 60.Bg1 
Bg5 61.Bf2 Bf4 62.Be1 {(offering draw)}  Bc1 
63.Bc3 Kf4 64.Ba1 e3 65.Bc3 Ke4 66.Ba1 {(offering 
draw)}  Ba3 67.Bc3 Bxc5 68.dxc5 d4 69.Bb4 d3+ 
70.Kd1 Kd4 71.Ba3 Kc3 72.Bc1 d2 0-1

[Event "HCL-A2583"]
[Site "www.playchess.de"]
[Date "2006.02.22"]
[Round "7"]
[White "MBartl"]
[Black "victorabiodun03"]
[WhiteElo "1516"]
[BlackElo "1357"]
[PlyCount "50"]
[Result "1/2-1/2"]

1.e4 e6 2.d4 d5 3.Nc3 Nf6 4.exd5 exd5 5.Bg5 Be7 
6.Nf3 O-O 7.Be2 Nbd7 8.O-O h6 9.Bh4 c6 10.Re1 Qc7 
11.Bg3 Bd6 12.Bxd6 Qxd6 13.b3 Ne4 14.Nxe4 dxe4 
15.Nh4 Qf4 16.g3 Qg5 17.Ng2 Nf6 18.c3 Nd5 19.Qc2 
Bf5 20.Qc1 Qxc1 21.Raxc1 Rfe8 22.Ne3 Nxe3 23.fxe3 
Rad8 24.Ref1 Bg6 25.a4 b6 {(offering draw)} 
 1/2-1/2

[Event "HCL-C4175"]
[Site "www.playchess.de"]
[Date "2006.02.22"]
[Round "4"]
[White "Talisman77"]
[Black "nichju"]
[WhiteElo "1173"]
[BlackElo "1054"]
[PlyCount "48"]
[Result "0-1"]

1.d4 {Hi}  d5 {Hi and good luck to you}  2.c4 Nf6 
3.Nc3 e6 4.Nf3 Bb4 5.e3 O-O 6.cxd5 exd5 7.Be2 Ne4 
8.Qc2 c6 9.O-O Bf5 10.Nxe4 Bxe4 11.Qb3 a5 12.a3 
Bd6 13.Qxb7 Nd7 14.Qxc6 Nf6 15.Bd2 Ng4 16.g3 f5 
17.Ng5 Rc8 18.Qb5 Qxg5 19.Qb3 Qh5 20.h4 g5 21.Bxg4 
Qxg4 22.Kh2 gxh4 23.Rfg1 hxg3+ 24.fxg3 
Qh5+ 0-1

[Event "HCL-T259"]
[Site "www.playchess.de"]
[Date "2006.02.22"]
[Round "5"]
[White "marceli"]
[Black "stevetilbury"]
[WhiteElo "1833"]
[BlackElo "1608"]
[PlyCount "61"]
[Result "1-0"]

1.d4 Nf6 2.c4 c5 3.d5 e6 4.Nc3 {hi again}  exd5 
5.cxd5 d6 {hello i look forward to the game - I 
enjoy a benoni}  6.e4 {i often play benoni with 
black, but I never played 3...e6 - I hope this 
will be a good option
It´s also good to see this opening with white}  g6 
{I hav some interesting games with both white and 
black - not always good results though}  7.f3 Bg7 
8.Bb5+ Nbd7 9.Nh3 O-O 10.Bf4 Qe7 11.O-O a6 12.Be2 
Nh5 13.Bg5 Bd4+ 14.Kh1 f6 15.Bh6 Ng7 16.a4 Ne5 
17.f4 Nd7 18.Nf2 f5 19.exf5 Rxf5 20.g4 Rf7 21.Nfe4 
Bxc3 22.Nxc3 Nf6 23.Bg5 Qf8 24.h3 Bd7 25.Bd3 Re8 
26.Qd2 Rfe7 27.f5 gxf5 28.Bf4 Rf7 29.Qh2 fxg4 
30.hxg4 Bxg4 31.Bxd6 1-0

[Event "HCL-C4129"]
[Site "www.playchess.de"]
[Date "2006.02.22"]
[Round "8"]
[White "Henri"]
[Black "spartan1"]
[WhiteElo "790"]
[BlackElo "908"]
[PlyCount "48"]
[Result "0-1"]

1.e4 {Bonjour et Bnone partie}  e5 {Sorry I do not 
Parley Vous French, but a sincere hello to you.}  
2.Nf3 d5 3.Nc3 d4 4.Ne2 Nc6 5.d3 Nf6 6.g3 h6 7.Bg2 
Bb4+ 8.c3 Bc5 9.O-O O-O 10.cxd4 Bxd4 11.Nexd4 Nxd4 
12.Nxe5 Be6 13.b3 c5 14.Ba3 Qc7 15.Nf3 Bg4 16.b4 
c4 17.Qd2 Bxf3 18.b5 c3 19.Qe3 Nc2 20.Qxf3 Nxa1 
21.Rxa1 Qa5 22.Bxf8 Rxf8 23.a4 c2 24.e5 
Qc3 0-1

[Event "HCL-C4134"]
[Site "www.playchess.de"]
[Date "2006.02.22"]
[Round "18"]
[White "Azimut"]
[Black "cg"]
[WhiteElo "800"]
[BlackElo "902"]
[PlyCount "67"]
[Result "1-0"]

1.b3 {Hello from Paris, please to meet you and 
good luck!}  e5 {hello from Brazil, good luck to 
tou too}  2.Bb2 d6 3.d3 Nf6 4.Nd2 Nc6 5.g3 d5 6.e3 
Bb4 7.Bg2 Be7 8.Ne2 Bf5 9.a3 O-O 10.h3 a5 11.O-O 
b5 12.f4 exf4 13.Rxf4 Be6 14.g4 Nd7 15.Rf1 b4 
16.a4 Bf6 17.Bxf6 Nxf6 18.Ng3 Qd6 19.Nf5 Bxf5 
20.Rxf5 Ne5 21.d4 Ne4 22.Nxe4 dxe4 23.dxe5 Qxd1+ 
24.Rxd1 c5 25.Bxe4 Rac8 26.Rd5 Rc6 27.Rd6 Rxd6 
28.exd6 g6 29.Rxc5 Re8 30.d7 Rd8 31.Rc8 Rxc8 
32.dxc8Q+ Kg7 33.Qc5 f5 34.gxf5 1-0

[Event "HCL-B3910"]
[Site "www.playchess.de"]
[Date "2006.02.22"]
[Round "8"]
[White "Nutjob"]
[Black "chessworm"]
[WhiteElo "1642"]
[BlackElo "1242"]
[PlyCount "44"]
[Result "0-1"]

1.e4 {Hey Amigo! I sent another invite to 
chessworld . net  Good Luck in this game}  c5 
{Thanks and good luck.}  2.f4 Nc6 3.Nf3 d6 4.Bc4 
Bg4 5.O-O a6 6.c3 Nf6 7.Qe2 Bh5 8.h3 Qd7 9.g4 Nxg4 
10.hxg4 Qxg4+ 11.Qg2 e6 12.d4 b5 13.Be2 Qxg2+ 
14.Kxg2 Bxf3+ 15.Bxf3 cxd4 16.cxd4 Nxd4 17.Nc3 Rc8 
18.a3 Be7 19.Be3 Nc2 20.Bb6 Nxa1 21.Rxa1 Bf6 
22.Re1 Bxc3 0-1

[Event "HCL-M876"]
[Site "www.playchess.de"]
[Date "2006.02.22"]
[Round "8"]
[White "Nonni"]
[Black "ipakris"]
[WhiteElo "2124"]
[BlackElo "2267"]
[PlyCount "53"]
[Result "1/2-1/2"]

1.e4 {Hello again, and a happy new year}  e5 
{Happy new chess year to you !}  2.Nf3 Nc6 3.Bb5 
a6 4.Ba4 Nf6 5.O-O Be7 6.Re1 b5 7.Bb3 O-O 8.a4 Na5 
9.Ba2 d5 10.Bxd5 Nxd5 11.axb5 axb5 12.exd5 f6 
13.d4 Qxd5 14.Nc3 Qc6 15.dxe5 Bb7 16.exf6 Bxf6 
17.Ne4 Rad8 18.Qe2 Nc4 19.c3 Be5 20.Ra7 Rde8 
21.Qc2 Rxf3 22.gxf3 Qg6+ 23.Kf1 Bc6 24.h3 Qf5 
25.Kg2 Qg6+ 26.Kf1 Qf5 27.Kg2 {(offering draw)} 
 1/2-1/2

[Event "HCL-B3891"]
[Site "www.playchess.de"]
[Date "2006.02.22"]
[Round "1"]
[White "TopMind"]
[Black "Absoluter_Beginner"]
[WhiteElo "1200"]
[BlackElo "1869"]
[PlyCount "63"]
[Result "1-0"]

1.c4 c5 2.Nf3 Nc6 3.d4 cxd4 4.Nxd4 g6 5.e4 Bg7 
6.Be3 Nf6 7.Nc3 O-O 8.Be2 d6 9.O-O Nxd4 10.Bxd4 
Bd7 11.a4 Qa5 12.Qb3 Bc6 13.Bd3 Qh5 14.h3 Rfc8 
15.Be2 Qg5 16.f4 Qa5 17.Bxf6 Bxf6 18.Nd5 Bxd5 
19.cxd5 Qc5+ 20.Kh1 Qc2 21.Bd1 Qxb2 22.Qxb2 Bxb2 
23.Rb1 Bg7 24.Rxb7 Kf8 25.Bg4 Rc4 26.f5 Rxe4 
27.fxg6 hxg6 28.Be6 Bf6 29.Bd7 Be5 30.a5 a6 31.Bc6 
Bc3 32.Rb3 1-0

[Event "HCL-B3795"]
[Site "www.playchess.de"]
[Date "2006.02.22"]
[Round "4"]
[White "mn"]
[Black "Bense"]
[WhiteElo "1245"]
[BlackElo "1043"]
[PlyCount "52"]
[Result "0-1"]

1.e4 e5 2.Nf3 d6 3.d4 f6 4.Bc4 Ne7 5.Nc3 f5 6.dxe5 
dxe5 7.Qxd8+ Kxd8 8.Nxe5 g6 9.Nf7+ Ke8 10.Nxh8 
Nbc6 11.Nf7 a6 12.a4 Na5 13.Ne5 Bg7 14.Bf4 Bxe5 
15.Bxe5 Nxc4 16.Bxc7 Nxb2 17.O-O Nc4 18.exf5 Nxf5 
19.Rfe1+ Kf7 20.Nd5 Be6 21.Rad1 Re8 22.Nf4 Ng7 
23.Be5 Nf5 24.g4 Nh4 25.Rd3 Bxg4 26.Rd7+ 
Bxd7 0-1

[Event "HCL-B3824"]
[Site "www.playchess.de"]
[Date "2006.02.22"]
[Round "2"]
[White "pirracas"]
[Black "fire-serpent"]
[WhiteElo "1801"]
[BlackElo "1078"]
[PlyCount "74"]
[Result "1/2-1/2"]

1.e4 {Hi from Xalapa Mexico}  e6 {Hablo un muy 
poco espanol!}  2.d4 d5 3.Nc3 {¿Donde aprendiste?} 
 Bb4 4.Qe2 dxe4 5.Qxe4 Nf6 6.Qh4 O-O 7.Be3 Nd5 
8.Qxd8 Rxd8 9.Bc4 Nxc3 10.Bd2 Rxd4 11.bxc3 Bxc3 
12.Bxc3 Rxc4 13.Ne2 Nc6 14.O-O Bd7 15.Rfd1 Rd8 
16.Rac1 e5 17.Rd3 Bf5 18.Rxd8+ Nxd8 19.Bxe5 Bxc2 
20.Nd4 Bd3 21.Rxc4 Bxc4 22.Bxc7 Ne6 23.Nxe6 fxe6 
24.a3 b5 25.f4 Kf7 26.Kf2 Ke7 27.Ke3 Kd7 28.Be5 g6 
29.Kd4 Bf1 30.g3 Ke7 31.Kc5 Bc4 32.Kc6 a6 33.Kb6 
a5 34.Kxa5 Kd7 35.Kb4 Bf1 {(offering draw)}  
36.Kc5 Be2 37.Kd4 Bc4 {(offering draw)} 
 1/2-1/2

[Event "HCL-B3870"]
[Site "www.playchess.de"]
[Date "2006.02.22"]
[Round "1"]
[White "nico21"]
[Black "Mosselman"]
[WhiteElo "1534"]
[BlackElo "1345"]
[PlyCount "132"]
[Result "0-1"]

1.e4 c5 2.Nf3 Nc6 3.d4 cxd4 4.Nxd4 Nf6 5.Nc3 g6 
6.Bc4 Bg7 7.Be3 O-O 8.Qd2 Ne5 9.Bb3 Neg4 10.O-O-O 
Nxe3 11.Qxe3 d6 12.h3 a6 13.f3 b5 14.g4 b4 15.Nce2 
Qb6 16.h4 e5 17.h5 exd4 18.Nxd4 Be6 19.hxg6 Bxb3 
20.Qxb3 hxg6 21.g5 Nh5 22.Ne6 Rfe8 23.Nxg7 Kxg7 
24.Kb1 Re5 25.Qd3 Rd8 26.c3 Nf4 27.Qd2 Nh5 28.cxb4 
Qb5 29.Qc3 Kg8 30.a3 Rxg5 31.f4 Rg3 32.Qd4 f6 
33.Rhg1 Kf7 34.Rxg3 Nxg3 35.e5 Nf5 36.Qc3 fxe5 
37.fxe5 d5 38.e6+ Kxe6 39.Re1+ Kf7 40.Qc7+ Qd7 
41.Qh2 d4 42.Rc1 Rc8 43.Re1 Qc7 44.Qf2 Qg3 45.Qd2 
Rd8 46.Rc1 d3 47.a4 Qe3 48.Rc7+ Ke6 49.Qc3 Qe4 
50.Qd2 Qe2 51.Kc1 Qxd2+ 52.Kxd2 Nd4 53.Rc3 Nf3+ 
54.Kd1 g5 55.b5 axb5 56.axb5 Ke5 57.b6 Kd4 58.b7 
Rb8 59.Rb3 Ke3 60.Rb4 Nd4 61.Rb6 g4 62.Ke1 g3 
63.Rg6 Rxb7 64.Rxg3+ Nf3+ 65.Kd1 Rxb2 66.Kc1 
Re2 0-1

[Event "HCL-C4156"]
[Site "www.playchess.de"]
[Date "2006.02.22"]
[Round "9"]
[White "O_Man"]
[Black "pytolo98"]
[WhiteElo "1129"]
[BlackElo "1160"]
[PlyCount "54"]
[Result "0-1"]

1.e4 e5 2.Nf3 Qf6 3.b3 Bc5 4.Bb2 d6 5.Bc4 Bg4 6.h3 
Bxf3 7.Qxf3 Qe7 8.Nc3 Nf6 9.O-O Bd4 10.Ba3 Bxc3 
11.dxc3 a6 12.b4 b5 13.Bd3 Nc6 14.Bc1 h6 15.c4 Nd4 
16.Qg3 g6 17.cxb5 Nxe4 18.Qe3 Nc3 19.Bb2 Ncxb5 
20.Bxb5+ axb5 21.Bxd4 exd4 22.Qxd4 O-O 23.Rfe1 Qg5 
24.Re3 c5 25.Qxd6 cxb4 26.Qxb4 Ra4 27.Qxb5 
Qxb5 0-1

[Event "HCL-C4076"]
[Site "www.playchess.de"]
[Date "2006.02.22"]
[Round "2"]
[White "Milosforman"]
[Black "JerryReneau"]
[WhiteElo "928"]
[BlackElo "1079"]
[PlyCount "91"]
[Result "1-0"]

1.d4 d5 2.Nf3 e6 3.e3 c5 4.Bb5+ Bd7 5.Bxd7+ Nxd7 
6.c3 cxd4 7.exd4 Ngf6 8.Bg5 Be7 9.Bxf6 Bxf6 10.Qa4 
O-O 11.O-O Nb6 12.Qb5 Nc4 13.Re1 Nd6 14.Qb4 a5 
15.Qb3 Qc7 16.Nbd2 Nc4 17.Nxc4 dxc4 18.Qc2 b5 
19.Ne5 Bxe5 20.Rxe5 Qd7 21.Rh5 g6 22.Rh4 f5 23.Re1 
Kg7 24.Re5 g5 25.Rh5 Kg6 26.g4 a4 27.Rh3 h6 
28.gxf5+ exf5 29.d5 Rae8 30.Rhe3 Rxe5 31.Rxe5 Re8 
32.Rxe8 Qxe8 33.d6 Kf6 34.Qd2 {(offering draw)}  
Qd7 35.Qd5 g4 36.Qxb5 {(offering draw)}  Qxd6 
37.Qxc4 Kg5 38.Qxa4 Kh4 39.h3 Qg6 40.Kh2 Qg5 
41.Qd4 f4 42.a4 g3+ 43.Kh1 g2+ 44.Kg1 Kh5 45.Qd1+ 
f3 46.Qxf3+ 1-0

[Event "HCL-A2579"]
[Site "www.playchess.de"]
[Date "2006.02.22"]
[Round "2"]
[White "Nulnulnix"]
[Black "SMA"]
[WhiteElo "1297"]
[BlackElo "1175"]
[PlyCount "29"]
[Result "1-0"]

1.e4 {Hallo & möge der bessere gewinnen}  e5 {tach 
auch, ja, soll er das}  2.Nf3 Nc6 3.Bc4 Nf6 4.d3 
Bc5 5.Ng5 O-O 6.O-O d5 7.exd5 Bg4 8.Qd2 Nxd5 9.h3 
Bf5 10.Nc3 Nxc3 11.Qxc3 h6 12.Nxf7 Qe7 13.Nxe5+ 
Kh8 14.Nxc6 bxc6 15.a3 1-0

[Event "HCL-A2579"]
[Site "www.playchess.de"]
[Date "2006.02.22"]
[Round "4"]
[White "SMA"]
[Black "peta"]
[WhiteElo "1175"]
[BlackElo "1403"]
[PlyCount "28"]
[Result "0-1"]

1.e4 e5 2.Nc3 Bb4 3.a3 Bxc3 4.dxc3 Nc6 5.Nf3 d6 
6.Be3 Nf6 7.Qd3 Bg4 8.h3 Bxf3 9.gxf3 O-O 10.Rd1 
Nd7 11.Qd5 Ne7 12.Qxb7 f5 13.exf5 c6 14.Bxa7 
Rxf5 0-1

[Event "HCL-C4030"]
[Site "www.playchess.de"]
[Date "2006.02.22"]
[Round "21"]
[White "sigma40"]
[Black "Grunert"]
[WhiteElo "1144"]
[BlackElo "909"]
[PlyCount "86"]
[Result "0-1"]

1.e4 e5 2.Nf3 d6 3.Nc3 Nc6 4.Bb5 Bd7 5.d3 a6 6.Bc4 
h6 7.O-O Nf6 8.h3 Nd4 9.Be3 Nxf3+ 10.Qxf3 Qe7 
11.d4 exd4 12.Bxd4 c5 13.Bxf6 Qxf6 14.Qxf6 gxf6 
15.Rfe1 O-O-O 16.Bxf7 Bc6 17.a3 Rd7 18.Be6 Bg7 
19.Bxd7+ Kxd7 20.f3 Re8 21.b4 cxb4 22.axb4 f5 
23.Ra3 fxe4 24.Nxe4 Bb2 25.Rb3 Bg7 26.Rd3 d5 
27.Nc5+ Kd8 28.c3 Rxe1+ 29.Kf2 {caught that little 
mistake there I see...I hit the wrong 
button..sigh}  Re8 {may be you will win...}  
30.Re3 Rxe3 31.Kxe3 {maybe}  Bxc3 32.Nd3 Bg7 33.g4 
Kd7 34.Kf4 Kd6 35.Kf5 Bb5 36.Nf4 d4 37.Ke4 d3 
38.Nxd3 Bxd3+ 39.Kxd3 Kc6 40.Kc4 b5+ 41.Kb3 Kd5 
42.f4 Ke4 43.f5 Kf3 0-1

[Event "HCL-B3862"]
[Site "www.playchess.de"]
[Date "2006.02.22"]
[Round "8"]
[White "gronico"]
[Black "Gilt"]
[WhiteElo "1160"]
[BlackElo "1335"]
[PlyCount "62"]
[Result "0-1"]

1.e4 c5 {Hi}  2.Bc4 {hi}  e6 3.Nf3 a6 4.Nc3 b5 
5.Be2 g6 6.b3 Bg7 7.d3 Bxc3+ 8.Bd2 Bxa1 9.Qxa1 f6 
10.O-O e5 11.Nxe5 d6 12.Ng4 h5 13.Ne3 Nc6 14.Bf3 
Nd4 15.Qd1 b4 16.Re1 a5 17.e5 Nxf3+ 18.Qxf3 Ra7 
19.exd6 Kf7 20.Qd5+ Be6 21.Qe4 Qxd6 22.Nc4 Qd5 
23.Qxd5 Bxd5 24.Nd6+ Kf8 25.Re8+ Kg7 26.Be3 Re7 
27.Rd8 Nh6 28.Bxh6+ Rxh6 29.Ne8+ Kg8 30.Nxf6+ Kf7 
31.Nxd5 Re1+ 0-1

[Event "HCL-C4164"]
[Site "www.playchess.de"]
[Date "2006.02.22"]
[Round "34"]
[White "Skipper_Robert"]
[Black "nichju"]
[WhiteElo "972"]
[BlackElo "1075"]
[PlyCount "84"]
[Result "0-1"]

1.e4 e5 2.Nf3 d6 3.Bc4 Be7 4.d4 exd4 5.Qxd4 Bf6 
6.e5 c5 7.Qd5 Qe7 8.Bf4 Be6 9.Qd3 Bxc4 10.Qxc4 
dxe5 11.Be3 e4 12.Bxc5 exf3+ 13.Bxe7 Nxe7 14.Qb3 
fxg2 15.Rg1 O-O 16.Qxb7 Nbc6 17.Rxg2 Nd4 18.Qe4 
Rfe8 19.Qd3 Nd5+ 20.Kd2 Re2+ 21.Qxe2 Nxe2 22.Kxe2 
Nf4+ 23.Kf3 Nxg2 24.Kxg2 Bxb2 25.a4 Bxa1 26.Na3 
Rd8 27.Nb1 a5 28.c3 Rc8 29.h4 Rc4 30.Kg3 Rxa4 
31.f4 f5 32.h5 Re4 33.Nd2 Re3+ 34.Kf2 Rxc3 35.Nf3 
a4 36.Nd4 Rc5 37.Ne6 Rc2+ 38.Kg3 a3 39.Kh4 a2 
40.Kg5 Rg2+ 41.Kxf5 Bc3 42.Nxg7 {Na da hab ich 
wohl nichju(t) gespielt.
Hat trotzdem Spaß gemacht!}  Bxg7 0-1

[Event "HCL-A2556"]
[Site "www.playchess.de"]
[Date "2006.02.22"]
[Round "3"]
[White "Serger"]
[Black "Andy1"]
[WhiteElo "1355"]
[BlackElo "1446"]
[PlyCount "53"]
[Result "1-0"]

1.e4 d5 2.exd5 Nf6 3.d4 Nxd5 4.Nf3 Bg4 5.c4 Nf6 
6.Nc3 e6 7.Be2 Be7 8.O-O O-O 9.h3 Bxf3 10.Bxf3 c6 
11.Be3 Nbd7 12.Re1 Bb4 13.a3 Bxc3 14.bxc3 h6 
15.Qb3 Qc7 16.Rab1 Rab8 17.d5 cxd5 18.cxd5 Nxd5 
19.Bxd5 exd5 20.Bd4 Nb6 21.Re3 Nc4 22.Re2 b6 
23.Rbe1 Rbd8 24.R2e7 Rd7 25.R7e8 Rxe8 26.Rxe8+ Kh7 
27.Qc2+ 1-0

[Event "HCL-E1570"]
[Site "www.playchess.de"]
[Date "2006.02.22"]
[Round "18"]
[White "chess50"]
[Black "Jule"]
[WhiteElo "2104"]
[BlackElo "1413"]
[PlyCount "69"]
[Result "1-0"]

1.e4 e5 2.f4 d6 3.d4 exf4 4.Bxf4 Nf6 5.Nc3 Bg4 
6.Be2 Qd7 7.Bxg4 Nxg4 8.Nge2 Be7 9.O-O O-O 10.Ng3 
g6 11.Nd5 Bh4 12.Nxc7 Bxg3 13.Bxg3 Ne3 14.Nd5 Nxd5 
15.exd5 Na6 16.Rf6 Qb5 17.b3 Qxd5 18.Bxd6 Rfd8 
19.c4 Qg5 20.Qf3 Rd7 21.d5 Rxd6 22.Rxd6 Qe5 23.Qf6 
Qe3+ 24.Kh1 Nc5 25.Rd8+ Rxd8 26.Qxd8+ Kg7 27.Qc7 
Nd3 28.h3 Qf2 29.Rg1 Qxa2 30.Rf1 Qxb3 31.Rxf7+ Kh6 
32.Rxh7+ Kg5 33.Qe7+ Kf4 34.Rf7+ Kg3 
35.Qg5+ 1-0

[Event "HCL-B3835"]
[Site "www.playchess.de"]
[Date "2006.02.22"]
[Round "1"]
[White "christianxxl"]
[Black "PhilipKaveny"]
[WhiteElo "1442"]
[BlackElo "1353"]
[PlyCount "76"]
[Result "0-1"]

1.e4 c5 2.Bc4 e6 3.Nc3 d6 4.d4 cxd4 5.Qxd4 a6 
6.Be3 Nc6 7.Qb6 Qxb6 8.Bxb6 Nge7 9.O-O-O d5 
10.exd5 exd5 11.Bxd5 Nxd5 12.Nxd5 Bd6 13.Nf3 Be6 
14.Rhe1 Kf8 15.c4 Bxd5 16.Rxd5 Bf4+ 17.Kd1 f6 
18.Nd4 Nxd4 19.Rxd4 Be5 20.Rd7 Bxb2 21.Bc5+ Kg8 
22.Rde7 h6 23.Kc2 Be5 {(offering draw)}  24.h3 Rc8 
25.Be3 Rxc4+ 26.Kb3 b5 27.Rc1 Rxc1 28.Bxc1 Kh7 
29.Ra7 Bd4 30.Rxa6 Bxf2 31.Kb4 Rc8 32.Bd2 Rb8 
33.Ra5 Re8 34.Rxb5 Re2 35.Bc3 Rxa2 36.Rb7 Kg6 
37.g4 Bh4 38.Kc4 Rh2 0-1

[Event "HCL-E1554"]
[Site "www.playchess.de"]
[Date "2006.02.22"]
[Round "10"]
[White "jsiggy2001"]
[Black "chess50"]
[WhiteElo "1758"]
[BlackElo "2155"]
[PlyCount "85"]
[Result "1/2-1/2"]

1.e4 e5 2.Nf3 Nf6 3.Nxe5 d6 4.Nf3 Nxe4 5.Qe2 Qe7 
6.d3 {wow, no queens in the early stage of the 
game.}  Nf6 7.Qxe7+ Bxe7 8.Nc3 O-O 9.Be2 Nc6 
10.O-O Nb4 11.Ne1 Be6 12.a3 Nbd5 13.Nxd5 Nxd5 
14.Nf3 Bf6 15.Ng5 Bf5 16.g4 Bd7 17.Bf3 c6 18.c4 
Nb6 19.Ne4 Be7 20.Re1 f5 21.Ng3 fxg4 22.Bxc6 Bxc6 
23.Rxe7 Na4 24.b4 Rae8 25.Rxe8 Rxe8 26.Be3 Nb2 
27.Nf5 Nxd3 28.Nxd6 Re6 29.Nc8 a6 30.Rd1 Ne5 
31.Rd8+ Kf7 32.Nd6+ Ke7 33.Bg5+ Rf6 34.Bxf6+ gxf6 
35.Nxb7 Bxb7 36.Rh8 Be4 37.c5 Kd7 38.Rb8 f5 39.Rb6 
f4 40.Rf6 Nf3+ 41.Kg2 Ng5+ 42.Kf1 Bd3+ 43.Ke1 
{(offering draw)}  1/2-1/2

[Event "HCL-C4143"]
[Site "www.playchess.de"]
[Date "2006.02.22"]
[Round "2"]
[White "donsimon"]
[Black "ivofle"]
[WhiteElo "1071"]
[BlackElo "819"]
[PlyCount "56"]
[Result "0-1"]

1.e4 e5 2.d4 Nc6 3.dxe5 Nxe5 4.Bf4 Nc6 5.Nc3 Bb4 
6.Qd2 Nge7 7.a3 Bc5 8.O-O-O O-O 9.Qd3 d6 10.Qg3 
Ng6 11.Bd3 Be6 12.e5 dxe5 13.Bxe5 Ncxe5 14.Be4 Qf6 
15.Bxb7 Rab8 16.Be4 Nc4 17.Qxc7 Rbc8 18.Qg3 Nxb2 
19.Kxb2 Rcb8+ 20.Kc1 Bxa3+ 21.Kd2 Rbd8+ 22.Ke1 
Rxd1+ 23.Kxd1 Rd8+ 24.Ke2 Bc4+ 25.Ke1 Bb4 26.Nge2 
Bc5 27.Bxg6 fxg6 28.Ne4 Qa1+ 0-1